Campaña mundial contra el hambre. Acción pro desarrollo
Saved in:
| Main Author: | |
|---|---|
| Format: | Text |
| Published: |
Santiago :
|
| Tags: |
Add Tag
No Tags, Be the first to tag this record!
|
MARC
| LEADER | 00000 a a2200000 04500 | ||
|---|---|---|---|
| 001 | 16651 | ||
| 003 | |||
| 040 | |||
| 090 | |a 011700 | ||
| 100 | |a Peña M., Alberto | ||
| 245 | |a Campaña mundial contra el hambre. Acción pro desarrollo | ||
| 260 | |a Santiago : | ||
| 300 | |a 18 p | ||
| 999 | |c 15507 |d 15507 | ||
